00425nam a2200121Ia 4500008004100000245006000041245002300101260000900124650002700133856005100160999001900211952007300230171211s9999 xx 000 0 und d aAmerican School Reform: What Works, What Fails, and Why cJoseph P. McDonald c2014 xPolitics and Sociology uhttp://down.ebook777.com/063/9780226124698.pdf c348779d348779 001040aCLbCLd2017-12-11l0r2017-12-11 00:00:00w2017-12-11yCBE